Theory and design in counseling and psychotherapy
| Main Author: | |
|---|---|
| Format: | Book |
| Published: |
Boston :
Houghton Mifflin Company ,
1999
|
| Subjects: |
MARC
| LEADER | 00000cam a2200000 7i4500 | ||
|---|---|---|---|
| 001 | 0000086708 | ||
| 005 | 20040930.0 | ||
| 020 | |a 0618191429 | ||
| 090 | 0 | 0 | |a 616.891421 |b DAY |
| 100 | 1 | |a Day, Susan x | |
| 245 | 1 | 0 | |c Susan X Day |a Theory and design in counseling and psychotherapy |
| 260 | |a Boston : |b Houghton Mifflin Company , |c 1999 | ||
| 300 | |a 526p. ; |c 24cm. | ||
| 650 | 0 | 0 | |a Counseling |
| 650 | 0 | 0 | |a Interpersonel psychotheraphy |
| 650 | 0 | 0 | |a Psychotherapy |
| 999 | |a 00174827 |b BUKU |c RUJUKAN |e PERPUSTAKAAN KOMUNITI PETALING JAYA | ||